| 000 | 00464nam a22001577a 4500 | ||
|---|---|---|---|
| 999 |
_c60580 _d60580 |
||
| 005 | 20230912113012.0 | ||
| 008 | 230912s1971 enk||||| |||| 00| 0 eng d | ||
| 041 | _aeng | ||
| 080 | _a7(410.1) D-16 | ||
| 100 |
_a Dalzell, W. R. _919801 |
||
| 245 |
_aLondon and its museums / _cW. R.Dalzell. |
||
| 264 |
_aHannover, _c1971. |
||
| 300 |
_a135 p.: _bill.; _c18 cm. |
||
| 653 | _aლონდონი და მისი მუზეუმები | ||
| 942 |
_2udc _cBK |
||